000 00628cab a2200217 4500
001 ABS53284
008 090401t1995 xxu||||| |||| 00| 0 eng d
035 _a(Sirsi) u3246
041 _aeng
100 _aWheatley, C.
245 _aFunds` eyes down on a new sector
260 _c1995
350 _a0
490 _aEstates Gazette
_v(9529) 22 July 1995, 42-43(2)
520 _aConfirms bingo halls as potential investment property.
650 _aBINGO HALLS
690 _aPROPERTY-COMMERCIAL PROPERTY-COMMERCIAL PROPERTY FINANCE AND INVESTMENT
690 _aLEISURE AND RECREATION
942 _n0
948 _c04/03/1997
999 _c1985
_d1985